|
|
|
|
| LEADER |
00000cam a2200000 a 4500 |
| 001 |
vtls008362581 |
| 003 |
SK-MaSNL |
| 005 |
20260301181051.0 |
| 008 |
230403s1950 xo 000 0 slo |
| 015 |
|
|
|a SNBA19451955-000199
|
| 035 |
|
|
|a SK01SNKBKSFS20010054798
|
| 035 |
|
|
|a urn:nbn:sk:snk-am3hz45
|
| 035 |
|
|
|a F63E59E2-1B3D-491A-A840-36F2DD07207C
|
| 035 |
|
|
|a urn:nbn:sk:snk-am00de4j
|
| 035 |
|
|
|a SKM000057261
|
| 040 |
|
|
|a SNK
|b slo
|c SNK
|e AACR2
|
| 041 |
1 |
|
|a slo
|h rus
|
| 043 |
|
|
|a e-ur---
|
| 044 |
|
|
|a xo
|c SK
|
| 080 |
|
|
|a 330.5+338
|2 2001
|
| 080 |
|
|
|a (47+57)
|2 2001
|
| 100 |
1 |
|
|a Anapskij, N.
|4 aut
|9 553139
|
| 245 |
1 |
0 |
|a Malé príčiny, veľké následky
|c N. Anapskij ; [preložil J. Švehla]
|
| 260 |
|
|
|a Bratislava
|b Práca
|c 1950
|e Ružomberok
|f Východoslovenské tlačiarne
|
| 300 |
|
|
|a 69, [2] s.
|c V. 8°
|
| 366 |
|
|
|e 3300 výtl.
|
| 490 |
1 |
|
|a Skúsenosti z výstavby SSSR
|v sv. 5
|
| 650 |
0 |
7 |
|a národné hospodárstvo
|2 SNKPH
|9 846
|
| 651 |
|
7 |
|a Sovietsky zväz
|2 SNKPHgeo
|9 22126
|
| 655 |
|
7 |
|a príručky
|2 SNKPH
|9 74364
|
| 700 |
1 |
|
|a Švehla, J.
|4 trl
|9 400026
|
| 830 |
|
0 |
|a Skúsenosti z výstavby SSSR
|9 346603
|
| 852 |
|
|
|a Slovenská národná knižnica
|
| 954 |
|
|
|a odborná, vedecká literatúra cudzojazyčná (svetová)
|2 lita
|
| 958 |
|
|
|a RK
|
| 958 |
|
|
|a TL
|
| 958 |
|
|
|a OND
|
| 958 |
|
|
|a EUIPO
|
| 999 |
|
|
|c 848608
|d 850538
|
| 952 |
|
|
|a SNK
|b SNK
|y VYP
|7 0
|p 17A0662310
|o snkSD 6920/5 D1
|i snkF 4623/63
|8 5
|0 0
|1 0
|4 0
|d 2010-06-16
|l 0
|r 2026-02-24 04:34:05
|w 2026-02-24
|
| 952 |
|
|
|a SNK
|b SNK
|y PREZ
|7 0
|p 17A0912079
|o snkSD 6920/5
|i snk3427/50
|0 0
|1 0
|4 0
|d 2019-08-22
|f 1
|l 0
|r 2025-11-17 00:00:00
|w 2026-02-24
|